| 000 | 00451nam a2200193Ia 4500 | ||
|---|---|---|---|
| 008 | 170918s9999 xx 000 0 und d | ||
| 020 | _a9780439536486 | ||
| 050 | _bL691 2003 | ||
| 100 | _aL'Homme, Eric | ||
| 245 | _aQuadehar the sorcerer / | ||
| 245 | _cEric L'Homme. | ||
| 260 | _aNew York : | ||
| 260 | _bScholastic, | ||
| 260 | _c2003 | ||
| 300 | _a275 pages : | ||
| 300 | _bcolored illustration ; | ||
| 300 | _c19cm. | ||
| 500 | _a780 | ||
| 999 |
_c342251 _d342251 |
||